Integráciou k zoštíhleniu

Primárnou úlohou podnikových informačných systémov je spracovanie údajov. Aby bolo podchytené všetko dianie v rámci firmy, je nutné, aby tieto systémy spolupracovali aj s ďalšími aplikáciami a dokonca aj s výrobnými zariadeniami. Integrácia informačných systémov prináša neustály prehľad o každom det...

ver descrição completa

Na minha lista:
Detalhes bibliográficos
Autor principal: Kováčik, Jozef
Formato: Capítulo de Livro
Idioma:eslovaco
Assuntos:
Tags: Adicionar Tag
Sem tags, seja o primeiro a adicionar uma tag!

MARC

LEADER 00000naa a2200000 4500
001 0161296
005 20231011123043.5
041 0 |a slo 
044 |a SK 
245 1 0 |a Integráciou k zoštíhleniu  |c Jozef Kováčik 
520 |a Primárnou úlohou podnikových informačných systémov je spracovanie údajov. Aby bolo podchytené všetko dianie v rámci firmy, je nutné, aby tieto systémy spolupracovali aj s ďalšími aplikáciami a dokonca aj s výrobnými zariadeniami. Integrácia informačných systémov prináša neustály prehľad o každom detaile výrobného procesu. 
610 2 0 |a proces výrobný 
610 2 0 |a integrácia 
610 2 0 |a systémy informačné 
610 2 0 |a znižovanie nákladov 
610 2 0 |a výroba štíhla 
100 1 |a Kováčik, Jozef